000 00543nam a2200181Ia 4500
008 100122s9999 xx 000 0 und d
082 _b66742
_aB823
100 _aKATSCHKE JUDY
245 _aTHE CASE OF THE WEIRD SCIENCE MYSTERY
250 _a1
260 _bHARPER COLLINS PUB
_c2002
300 _a78
520 _aTHE NEW ADVENTURES OF MARY-KATE & ASHLEY
620 _aTHE NEW ADVENTURES OF MARY-KATE & ASHLEY
630 _aTHE CASE OF THE WEIRD SCIENCE MYSTERY
730 _aTHE CASE OF THE WEIRD SCIENCE MYSTERY
942 _cBOOK
999 _c380607
_d380604